Discurso de las letras humanas, llamado El humanista : (Record no. 153073)
[ view plain ]
| 000 -LEADER | |
|---|---|
| campo de control de longitud fija | 00974nam a2200205 i 4500 |
| 001 - NÚMERO DE CONTROL | |
| campo de control | 153073 |
| 003 - IDENTIFICADOR DE NÚMERO DE CONTROL | |
| campo de control | ES-MaACL |
| 005 - FECHA Y HORA DE LA ÚLTIMA TRANSACCIÓN | |
| campo de control | 20230906205019.0 |
| 008 - DATOS DE LONGITUD FIJA--INFORMACIÓN GENERAL | |
| campo de control de longitud fija | 931025s1784 sp |||| | spa d |
| 100 1# - ENTRADA PRINCIPAL--NOMBRE DE PERSONA | |
| Nombre de persona | Céspedes, Baltasar de. |
| 9 (RLIN) | 37684 |
| 245 10 - MENCIÓN DEL TÍTULO | |
| Título | Discurso de las letras humanas, llamado El humanista : |
| Resto del título | que segun D. Nicolás Antonio escribia en el año de 1600 D. Baltasar de Céspedes, yerno del Brocense,... / |
| Mención de responsabilidad, etc. | y que sale a luz la primera vez por Don Santos Diez Gonzalez. |
| 260 ## - PUBLICACIÓN, DISTRIBUCIÓN, ETC. | |
| Lugar de publicación, distribución, etc. | En Madrid : |
| Nombre del editor, distribuidor, etc. | por Antonio Fernandez, |
| Fecha de publicación, distribución, etc. | 1784. |
| 300 ## - DESCRIPCIÓN FÍSICA | |
| Extensión | [8], 121, [2] p. ; |
| Dimensiones | 8º (15 cm) |
| 530 ## - NOTA DISPONIBLE DE FORMULARIO FÍSICO ADICIONAL | |
| Nota de formato físico adicional disponible | Disponible en formato digital. |
| 597 ## - NOTA DE DESCRIPCIÓN FÍSICA | |
| NOTA DE DESCRIPCIÓN FÍSICA | Sign.: [ ]8, B-H8, I1. |
| 650 #4 - PUNTO DE ACCESO ADICIONAL DE MATERIA--TÉRMINO DE MATERIA | |
| Término de materia o nombre geográfico como elemento de entrada | Humanismo- |
| Subdivisión general | En la literatura. |
| 9 (RLIN) | 151922 |
| 700 1# - ENTRADA AGREGADA--NOMBRE PERSONAL | |
| Nombre de persona | Díez González, Santos. |
| 9 (RLIN) | 44741 |
| 852 ## - LOCALIZACIÓN | |
| Ubicación | ES-MaACL |
| Número de control de estantería | R-3197 |
| Nota libre | - Enc. piel con hierros, falto de antep. |
| Encuadernación | - Olim: T-1419-F(1) |
| 856 ## - LOCALIZACIÓN Y ACCESO ELECTRÓNICOS | |
| Identificador Uniforme de Recursos | <a href="http://bdh-rd.bne.es/viewer.vm?id=0000086958&page=1 ">http://bdh-rd.bne.es/viewer.vm?id=0000086958&page=1 </a> |
| Nota pública | Biblioteca Digital Hispánica |
| Estatus retirado | Estado de pérdida | Estado de daño | No para préstamo | Colección | Biblioteca de origen | Biblioteca actual | Ubicación en estantería | Fecha de adquisición | Fuente de adquisición | Total de préstamos | Signatura topográfica completa | Código de barras | Visto por última vez | Precio de reemplazo | Tipo de ítem Koha |
|---|---|---|---|---|---|---|---|---|---|---|---|---|---|---|---|
| Colección digital | Biblioteca del Ateneo de Madrid | Biblioteca del Ateneo de Madrid | Depósito | 17/01/2008 | R-3197 | 1159925 | 23/02/2023 | 23/02/2023 | Libro impreso antiguo |
